Ibong adarna (Record no. 284779)
[ view plain ]
| 000 -LEADER | |
|---|---|
| fixed length control field | 00469nam a22001457a 4500 |
| 008 - FIXED-LENGTH DATA ELEMENTS--GENERAL INFORMATION | |
| fixed length control field | 150608b xxu||||| |||| 00| 0 eng d |
| 050 ## - LIBRARY OF CONGRESS CALL NUMBER | |
| Classification number | PL 6061.2 |
| Item number | B928 2009 |
| 100 ## - MAIN ENTRY--PERSONAL NAME | |
| Personal name | Cruz, Emerlinda G. |
| 245 ## - TITLE STATEMENT | |
| Title | Ibong adarna |
| Remainder of title | : Isang korido / |
| Statement of responsibility, etc | Emerlinda G. Cruz |
| 260 ## - PUBLICATION, DISTRIBUTION, ETC. (IMPRINT) | |
| Place of publication, distribution, etc | Quezon City. |
| Name of publisher, distributor, etc | C&E Publishing, Inc. |
| Date of publication, distribution, etc | c2008 |
| 300 ## - PHYSICAL DESCRIPTION | |
| Extent | v, 314 p. |
| Other physical details | ill., |
| Dimensions | 25 cm. |
| 500 ## - GENERAL NOTE | |
| General note | includes glossary + CD ROM |
| 650 ## - SUBJECT ADDED ENTRY--TOPICAL TERM | |
| Topical term or geographic name as entry element | Literature |
| 942 ## - ADDED ENTRY ELEMENTS (KOHA) | |
| Source of classification or shelving scheme | Library of Congress Classification |
| Item type | Books |
| Call number suffix | PL 6061.2 B928 2009 |
| Withdrawn status | Lost status | Source of classification or shelving scheme | Damaged status | Home library | Current library | Shelving location | Date acquired | Source of acquisition | Total Checkouts | Full call number | Barcode | Date last seen | Price effective from | Koha item type |
|---|---|---|---|---|---|---|---|---|---|---|---|---|---|---|
| Library of Congress Classification | Luxembourg Library | Luxembourg Library | Filipiniana Section | 06/08/2015 | Library Fund | PL 6061.2 B928 2009 | 19938 | 11/27/2015 | 06/08/2015 | Books | ||||
| Library of Congress Classification | Luxembourg Library | Luxembourg Library | Filipiniana Section | 07/11/2016 | Library Fund | PL 6061.2 B928 2009 | 20264 | 07/11/2016 | 07/11/2016 | Books |